000
00180 a2200097 4500
041
_a
spa
100
_a
Avalos, Cecilia
245
_a
El rancho despierta
942
_c
BK
952
_7
1
999
_c
25362
_d
25362